000 00368nam a22001457a 4500
005 20200607095441.0
008 200607b xxu||||| |||| 00| 0 eng d
082 _a345.4
110 _aA.I.R
_95791
245 _aALL INDIA REPORTER 2007 (V-94) M. P. SECTION
260 _aMUMBAI
_bALL INDIA REPORTER PVT. LTD
300 _a192;p
650 _aLAW
_95701
942 _cJRL
999 _c6875
_d6873